South Park Character Map Quiz Stats

Quiz not verified by Sporcle

Challenge
Share
Tweet
Score 0/16 Timer 02:00
0 Plays Today
% Correct
Kenny McCormick
98.6%
Stan Marsh
98.3%
Eric Cartman
97.6%
Kyle Broflovski
94.5%
Chef
94.1%
Butters Stotch
92%
Satan
91.7%
Randy Marsh
88.6%
% Correct
Timmy Burch
87.2%
Mr. Garrison
84.1%
Wendy Testaburger
83.4%
Liane Cartman
82.7%
Jimmy Valmer
80.6%
Big Gay Al
78.2%
Mr. Slave
74.7%
Mr. Mackey
72%

You're not logged in!

Compare scores with friends on all Sporcle quizzes.
Join for Free
OR
Log In

You Might Also Like...

Show Comments

Extras

Top Quizzes Today


Score Distribution

Your Account Isn't Verified!

In order to create a playlist on Sporcle, you need to verify the email address you used during registration. Go to your Sporcle Settings to finish the process.

Report this User

Report this user for behavior that violates our Community Guidelines.

Details: